La Tempestad

Enregistré dans:
Détails bibliographiques
Auteur principal: Shakespeare, William (autor)
Autres auteurs: Pujante, Ángel-Luis (traductor y editor)
Format: Inconnue
Publié: Barcelona, España: Austral, 2014.
Édition:7a. edición.
Sujets:
Tags: Ajouter un tag
Pas de tags, Soyez le premier à ajouter un tag!

MARC

LEADER 00000 a2200000 4500
003 CL-VaPUC
005 20240910115642.0
008 240826t2023 ||||| |||| 00| 0 eng d
999 |c 444292  |d 444290 
020 |a 9788467035711 
040 |c Pontificia Universidad Católica de Valparaíso 
082 7 |2 22  |a 822 SHA 2023 
100 |a Shakespeare, William   |9 265757  |e autor 
245 |a La Tempestad 
250 |a 7a. edición. 
260 |b Austral,  |c 2014.  |a Barcelona, España: 
300 |a 142 páginas. 
583 |k GC  |c 20240826 
650 0 |a Literatura inglesa  |9 890853 
650 0 |a Teatro inglés  |y Siglo 16  |9 265744 
700 |a Pujante, Ángel-Luis  |e traductor y editor  |9 890852 
942 |2 ddc  |c BK 
952 |0 0  |1 0  |2 ddc  |4 0  |6 822_000000000000000_SHA_2023  |7 0  |8 A  |9 596412  |a BIBEDU  |b BIBEDU  |d 2024-08-23  |e 3  |g 17699.00  |i 5662517  |l 1  |o 822 SHA 2023  |p 5662517  |r 2025-04-30  |s 2025-04-23  |t 1  |v 17699.00  |w 2024-08-23  |y BK  |k LIT 
952 |0 0  |1 0  |2 ddc  |4 0  |6 822_000000000000000_SHA_2023  |7 0  |8 A  |9 596413  |a BIBEDU  |b BIBEDU  |d 2024-08-23  |e 3  |g 17699.00  |i 5662518  |l 1  |o 822 SHA 2023  |p 5662518  |r 2025-04-29  |s 2025-04-23  |t 2  |v 17699.00  |w 2024-08-23  |y BK  |k LIT 
952 |0 0  |1 0  |2 ddc  |4 0  |6 822_000000000000000_SHA_2023  |7 0  |8 A  |9 596414  |a BIBEDU  |b BIBEDU  |d 2024-08-23  |e 3  |g 17699.00  |i 5662519  |l 1  |m 1  |o 822 SHA 2023  |p 5662519  |r 2025-04-30  |s 2025-04-23  |t 3  |v 17699.00  |w 2024-08-23  |y BK  |k LIT